000 01169cam a2200349 i 4500
001 19047579
003 OSt
005 20241023171324.0
008 160408s2015 gh b 001 0 eng
010 _a 2015333267
020 _a9789964634742
040 _aDLC
_beng
_cDLC
_erda
_dDLC
042 _alcode
_apcc
043 _af-gh---
050 0 0 _aKRX451
_b.A35 2015
100 1 _aAdjei, Dennis Dominic.
_d2014
245 1 0 _aModern approach to the law of interpretation in Ghana /
_cDennis Dominic Adjei.
246 3 0 _aTo the law of interpretation in Ghana
246 1 _iPortion of title from cover:
_aLaw of interpretation in Ghana
250 _aRevised edition.
264 1 _aAccra :
_bAdwinsa Publications (Gh.) Ltd.,
_c2015.
300 _axxxix, 420 pages ;
_c25 cm
336 _atext
_btxt
_2rdacontent
337 _aunmediated
_bn
_2rdamedia
338 _avolume
_bnc
_2rdacarrier
504 _aIncludes bibliographical references and index.
600 _2Law
650 0 _aLaw
_zGhana
_xInterpretation and construction.
906 _a7
_bcbc
_corigode
_d2
_encip
_f20
_gy-gencatlg
942 _2lcc
_cBK
_n0
999 _c147
_d147